Word Ladder: Saints Quiz Stats

 Plays Quiz Updated May 29, 2012

Support Sporcle.
Go Orange.
Score 0/24 Timer 03:00
0 Plays Today
Clue Answer % Correct
Noise made by dogBARK
96.1%
Saint (and gospel writer)✝ MARK ✝
94.2%
Saint ( ____ Magdalene)✝ MARY ✝
93.9%
Noise made by lionROAR
93.8%
The spiritual part of humansSOUL
91.6%
Like vinegar or lemon juiceSOUR
91%
Fly upwards to the heavensSOAR
90.7%
Saint (and gospel writer)✝ LUKE ✝
90%
Good fortune or prosperityLUCK
87.8%
Saint ( ____ the Apostle)✝ PAUL ✝
86.3%
First King of IsraelSAUL
85.1%
A sphere or globeBALL
84.5%
Clue Answer % Correct
Illegal pitching motionBALK
83.7%
Saint (also known as Saint Lucia)✝ LUCY ✝
81.2%
US R&B singer ____ GrayMACY
81.1%
Saint (and Apostle)✝ JOHN ✝
80.8%
Like a decorative wedding dressLACY
79%
Brownish colored horseROAN
75.4%
Burial garmentPALL
75.4%
Saint (The Maid of Orléans)✝ JOAN ✝
74.4%
Something that tempts or attractsLURE
72.8%
Lie or wait in concealmentLURK
70.4%
To fake out, in footballJUKE
56.2%
Saint (and Apostle)✝ JUDE ✝
45.6%

Today's Daily Dose

Word Ladder
ING Words

Get the Picture
Nearest Volcano

From the Vault

NBA Top 200 Scorers (2000s)

by Feely

Sports 20m
This only proves that scoring more points doesn't get you more Twitter followers.
Remove Ads.
Support Sporcle.
Get the best of Sporcle when you Go Orange. This ad-free experience offers more features, more stats, and more fun while also helping to support Sporcle. Thank you for becoming a member.

Show Comments

Extras

Top Quizzes Today


Score Distribution

Your Account Isn't Verified!

In order to create a playlist on Sporcle, you need to verify the email address you used during registration. Go to your Sporcle Settings to finish the process.

Report this User

Report this user for behavior that violates our Community Guidelines.

Details: